[Event "37th ECC Women 2022"]
[Site "Mayrhofen AUT"]
[Date "2022.10.07"]
[Round "5.7"]
[Board "3"]
[White "Djukic, Sandra"]
[Black "Reprun, Nadejda"]
[Result "1-0"]
[WhiteTitle "WIM"]
[WhiteElo "2138"]
[BlackElo "1968"]
[WhiteTeam "Gambit Asseco See"]
[BlackTeam "Rishon Lezion Chess Club"]
[WhiteFideId "931390"]
[BlackFideId "2806843"]
[EventDate "2022.10.03"]

1. d4 d5 2. c4 c6 3. Nf3 Nf6 4. Nbd2 g6 5. e3 Bg7 6. Bd3 O-O 7. O-O Bg4 8. Qb3
Qb6 9. Qc2 Nfd7 10. Rb1 e5 11. dxe5 Nxe5 12. Nxe5 Bxe5 13. b4 Nd7 14. h3 Be6 15.
a4 Rac8 16. c5 Qd8 17. Nf3 Bg7 18. Bb2 Bxb2 19. Qxb2 a5 20. Ne5 axb4 21. Nxd7
Qxd7 22. Qxb4 Rc7 23. Qf4 Bf5 24. Bxf5 gxf5 25. e4 fxe4 26. Qg5+ Kh8 27. Qf6+
Kg8 28. Rb3 1-0

[Event "37th ECC Women 2022"]
[Site "Mayrhofen AUT"]
[Date "2022.10.07"]
[Round "5.8"]
[Board "1"]
[White "Peglau, Charis"]
[Black "Mayrhuber, Nikola"]
[Result "1/2-1/2"]
[BlackTitle "WFM"]
[WhiteElo "1960"]
[BlackElo "2117"]
[WhiteTeam "Schachzentrum Seeblick e.V."]
[BlackTeam "SK Zell/Zillertal"]
[WhiteFideId "16219996"]
[BlackFideId "1637819"]
[EventDate "2022.10.03"]

1. d4 Nf6 2. Nf3 e6 3. c4 Bb4+ 4. Bd2 Qe7 5. e3 O-O 6. a3 Bxd2+ 7. Nbxd2 a5 8.
Bd3 d6 9. O-O e5 10. Qc2 Bg4 11. Ng5 h6 12. Nge4 Nfd7 13. Ng3 f5 14. Nxf5 Qf6
15. Ng3 exd4 16. Nde4 Qh4 17. exd4 Nc6 18. Qc3 Nf6 19. f3 Bd7 20. Bc2 a4 21.
Rae1 Qf4 22. Qd3 Nxe4 23. Rxe4 Qf6 24. Nh5 Qf5 25. Nf4 Qg5 26. Ne6 Bxe6 27. Rxe6
Rf6 28. Re4 Rf4 29. Rfe1 Raf8 30. Kh1 Qf6 31. Re6 Qf5 32. Qxf5 R4xf5 33. Bxf5
Rxf5 34. Re8+ Kh7 35. Rc8 Rf7 36. Re4 Na5 37. Ra8 Nxc4 38. Rxa4 Nxb2 39. Rb4 Nd3
40. Rxb7 Nf2+ 41. Kg1 Nxe4 42. fxe4 Re7 43. e5 dxe5 44. dxe5 Rxe5 45. Rxc7 Re2
46. Rc3 Ra2 47. h3 h5 48. h4 g5 49. hxg5 Kg6 50. Kh2 Kxg5 51. Kg3 Ra1 52. Kf3
Rf1+ 53. Kg3 h4+ 54. Kh2 Ra1 55. Rb3 Kh5 56. Rb5+ Kg4 57. Rb4+ Kg5 58. a4 Ra3
59. Rb5+ Kg4 60. Ra5 h3 61. gxh3+ Rxh3+ 62. Kg2 Ra3 63. Kf2 Kf4 64. Ke2 Ke4 65.
Ra8 Ra2+ 66. Kd1 Kd3 67. Kc1 Kc3 68. Kb1 Ra3 69. a5 Kb4 70. a6 Kb5 71. Rb8+ Kc6
72. Ra8 Kb6 73. a7 Rxa7 1/2-1/2

[Event "37th ECC Women 2022"]
[Site "Mayrhofen AUT"]
[Date "2022.10.07"]
[Round "5.8"]
[Board "2"]
[White "Schloffer, Jasmin-Denise"]
[Black "Peglau, Dora"]
[Result "1-0"]
[WhiteTitle "WFM"]
[WhiteElo "2086"]
[BlackElo "1745"]
[WhiteTeam "SK Zell/Zillertal"]
[BlackTeam "Schachzentrum Seeblick e.V."]
[WhiteFideId "1631209"]
[BlackFideId "16220005"]
[EventDate "2022.10.03"]

1. d4 Nf6 2. c4 e6 3. Nc3 Bb4 4. e3 c5 5. Ne2 O-O 6. a3 Bxc3+ 7. Nxc3 d6 8. Be2
Nbd7 9. O-O a6 10. b3 Qc7 11. Bb2 b6 12. d5 exd5 13. Nxd5 Nxd5 14. Qxd5 Bb7 15.
Qg5 f6 16. Qg3 Ne5 17. f4 Nd7 18. Rad1 Rf7 19. Bg4 Kh8 20. Rd2 Nf8 21. Rfd1 Rd8
22. h4 Be4 23. f5 Rfd7 24. Qf4 Qc6 25. Bf3 Bxf3 26. Qxf3 Qxf3 27. gxf3 Kg8 28.
e4 Kf7 29. Kf2 g6 30. fxg6+ hxg6 31. Ke3 Ke6 32. f4 Rh7 33. Rh1 Rdd7 34. f5+
gxf5 35. exf5+ Kf7 36. Kf4 Rh6 37. Bc1 Ke7 38. Kg4 Rh7 39. h5 Kd8 40. h6 Kc7 41.
Rd3 Rd8 42. Bf4 Kc6 43. Rd5 Re7 44. Rhd1 Red7 45. Kh5 a5 46. a4 Kc7 47. Rg1 Re7
48. Rg7 Red7 49. Bxd6+ 1-0

[Event "37th ECC Women 2022"]
[Site "Mayrhofen AUT"]
[Date "2022.10.07"]
[Round "5.8"]
[Board "4"]
[White "Wu, Min"]
[Black "Peglau, Sarah"]
[Result "1-0"]
[WhiteElo "1934"]
[BlackElo "1794"]
[WhiteTeam "SK Zell/Zillertal"]
[BlackTeam "Schachzentrum Seeblick e.V."]
[WhiteFideId "1631969"]
[BlackFideId "16219961"]
[EventDate "2022.10.03"]

1. e4 e6 2. d4 d5 3. Nd2 c5 4. Ngf3 cxd4 5. Nxd4 Nc6 6. Nxc6 bxc6 7. Bd3 Bd6 8.
O-O Qc7 9. h3 Nf6 10. c4 d4 11. e5 Bxe5 12. Nf3 c5 13. Nxe5 Qxe5 14. Qf3 Qb8 15.
Qc6+ Bd7 16. Qxc5 Qb6 17. Qe5 O-O 18. Bg5 Qd8 19. Qxd4 Bc6 20. Qc3 h6 21. Bh4 g5
22. Bg3 Ne4 23. Bxe4 Bxe4 24. Rad1 Qb6 25. c5 Qb7 26. Qf6 Kh7 27. f3 Bg6 28. f4
Qe4 29. fxg5 Qe3+ 30. Kh2 Qxg5 31. Bh4 Qxc5 32. Rfe1 Rg8 33. Re5 Qc2 34. Rg1
Rab8 35. b3 Qxa2 36. Bf2 Qxb3 37. Be3 Rb5 38. Qh4 Bh5 39. Qxh5 Rg6 40. Rxb5 1-0

[Event "37th ECC Women 2022"]
[Site "Mayrhofen AUT"]
[Date "2022.10.08"]
[Round "6.1"]
[Board "1"]
[White "Bulmaga, Irina"]
[Black "Muzychuk, Anna"]
[Result "1/2-1/2"]
[WhiteTitle "IM"]
[BlackTitle "GM"]
[WhiteElo "2417"]
[BlackElo "2534"]
[WhiteTeam "CSU ASE Superbet"]
[BlackTeam "Cercle d'Echecs de Monte-Carlo"]
[WhiteFideId "13903063"]
[BlackFideId "14111330"]
[EventDate "2022.10.03"]

1. e4 e5 2. Nf3 Nc6 3. d4 exd4 4. Nxd4 Nf6 5. Nxc6 bxc6 6. e5 Qe7 7. Qe2 Nd5 8.
c4 Ba6 9. b3 g6 10. Bb2 Bg7 11. g3 O-O 12. Bg2 Rae8 13. O-O Bxe5 14. Qxe5 Qxe5
15. Bxe5 Rxe5 16. cxd5 Bxf1 17. Kxf1 cxd5 18. Na3 c6 19. Rd1 Rfe8 20. Bf3 Kf8
21. Nc2 Ke7 22. Ne3 Kd8 23. Rd4 Kc7 24. Ra4 Kb6 25. Rb4+ Kc7 26. Ra4 Kb6 27.
Rb4+ Kc7 28. Ra4 Kb6 1/2-1/2

[Event "37th ECC Women 2022"]
[Site "Mayrhofen AUT"]
[Date "2022.10.08"]
[Round "6.1"]
[Board "2"]
[White "Stefanova, Antoaneta"]
[Black "Saduakassova, Dinara"]
[Result "1/2-1/2"]
[WhiteTitle "GM"]
[BlackTitle "IM"]
[WhiteElo "2440"]
[BlackElo "2434"]
[WhiteTeam "Cercle d'Echecs de Monte-Carlo"]
[BlackTeam "CSU ASE Superbet"]
[WhiteFideId "2902257"]
[BlackFideId "13700090"]
[EventDate "2022.10.03"]

1. d4 Nf6 2. c4 e6 3. Nc3 Bb4 4. f3 d5 5. a3 Be7 6. e4 dxe4 7. fxe4 c5 8. d5
exd5 9. exd5 O-O 10. Be2 Bd6 11. Nb5 a6 12. Nxd6 Qxd6 13. Nf3 b5 14. b3 bxc4 15.
bxc4 Bg4 16. O-O Nbd7 17. Qc2 Rfe8 18. a4 Re7 19. Ra3 Rae8 20. Bd1 Ne5 21. Nh4
Ng6 22. Nxg6 hxg6 23. Bf4 Qd7 24. h3 Bxd1 25. Qxd1 Re4 26. Rc3 Rd4 27. Qb3 Ne4
28. Rc2 Nd6 29. a5 Nf5 30. Bc1 Rde4 31. Rcf2 Qc7 32. Bd2 Ng3 33. Rxf7 Ne2+ 34.
Kh1 Ng3+ 35. Kg1 Ne2+ 1/2-1/2

[Event "37th ECC Women 2022"]
[Site "Mayrhofen AUT"]
[Date "2022.10.08"]
[Round "6.1"]
[Board "3"]
[White "Atalik, Ekaterina"]
[Black "Cramling, Pia"]
[Result "0-1"]
[WhiteTitle "IM"]
[BlackTitle "GM"]
[WhiteElo "2406"]
[BlackElo "2459"]
[WhiteTeam "CSU ASE Superbet"]
[BlackTeam "Cercle d'Echecs de Monte-Carlo"]
[WhiteFideId "4130189"]
[BlackFideId "1700030"]
[EventDate "2022.10.03"]

1. c4 c5 2. Nf3 Nf6 3. Nc3 e6 4. g3 a6 5. Bg2 Qc7 6. O-O Be7 7. b3 O-O 8. Bb2 b6
9. d4 cxd4 10. Qxd4 d6 11. Rfd1 Bb7 12. Rac1 Nbd7 13. h3 Rfd8 14. g4 Rac8 15. g5
Nh5 16. Qg4 g6 17. Ne4 Qb8 18. Nxd6 Bxd6 19. Qd4 Ndf6 20. Qc3 Bf4 21. gxf6 Bxc1
22. Rxc1 Qf4 23. e3 Qf5 24. Qe5 Rc5 25. Qxf5 Rxf5 26. Nh4 Rg5 27. Kf1 Bxg2+ 28.
Nxg2 e5 29. Ba3 e4 30. Rc2 Rd1+ 31. Ke2 Rd7 32. Nf4 Nxf6 33. Bb2 Rd6 34. Ba3 Rd7
35. Bb2 Rf5 36. b4 g5 37. Ng2 Rc7 38. Bd4 Rc6 39. Ne1 Ne8 40. f3 Nd6 41. c5 bxc5
42. bxc5 exf3+ 43. Nxf3 f6 44. Nd2 Rd5 45. Kd3 Nf7 46. Ke4 Rd7 47. Rb2 Re6+ 48.
Kf5 Nd8 49. Nc4 Rd5+ 50. Kg4 Nc6 51. Nd6 Kg7 52. Kf3 Kg6 53. Rd2 f5 54. Nc4 Re4
55. Bc3 Rxd2 56. Nxd2 Rh4 0-1

[Event "37th ECC Women 2022"]
[Site "Mayrhofen AUT"]
[Date "2022.10.08"]
[Round "6.1"]
[Board "4"]
[White "Paehtz, Elisabeth"]
[Black "Efroimski, Marsel"]
[Result "1/2-1/2"]
[WhiteTitle "IM"]
[BlackTitle "IM"]
[WhiteElo "2469"]
[BlackElo "2462"]
[WhiteTeam "Cercle d'Echecs de Monte-Carlo"]
[BlackTeam "CSU ASE Superbet"]
[WhiteFideId "4641833"]
[BlackFideId "2810964"]
[EventDate "2022.10.03"]

1. e4 c5 2. c3 Nf6 3. e5 Nd5 4. Nf3 Nc6 5. d4 cxd4 6. Bc4 Nb6 7. Bb3 d5 8. exd6
Qxd6 9. Na3 a6 10. O-O Na5 11. Nxd4 Nxb3 12. Qxb3 e5 13. Nf3 Be6 14. c4 Qc7 15.
Be3 Nxc4 16. Nxc4 Qxc4 17. Qxb7 Bd5 18. Qb6 Bxf3 19. gxf3 Be7 20. Rfc1 Qb5 21.
Qc7 Bd8 22. Qd6 Be7 23. Qc7 Bd8 24. a4 Qd5 25. Rc5 Bxc7 26. Rxd5 Ke7 27. Rc1
Rhc8 28. Rc6 a5 29. Bd2 f6 30. Kg2 Bd8 31. Rcd6 Ke8 32. Bc3 Rc4 33. Rd7 Be7 34.
Bxa5 Rxa5 35. Rxe7+ Kxe7 36. Rxa5 Rb4 37. Ra7+ Kf8 38. a5 Rxb2 39. a6 Ra2 40.
Kg3 h5 41. h4 Kg8 42. Ra8+ Kh7 43. a7 Kg6 44. Kg2 Ra3 45. Kg3 Kf5 46. Rh8 Rxa7
47. Rxh5+ g5 48. hxg5 Rg7 49. Rh4 Rxg5+ 50. Kh2 Ke6 51. f4 Rg8 52. fxe5 Kxe5 53.
Ra4 Kf5 54. Rb4 Rg7 55. Ra4 Rg8 1/2-1/2

[Event "37th ECC Women 2022"]
[Site "Mayrhofen AUT"]
[Date "2022.10.08"]
[Round "6.2"]
[Board "1"]
[White "Danielian, Elina"]
[Black "Mammadzada, Gunay"]
[Result "1-0"]
[WhiteTitle "GM"]
[BlackTitle "IM"]
[WhiteElo "2431"]
[BlackElo "2483"]
[WhiteTeam "ASVOe Pamhagen"]
[BlackTeam "Odlar Yurdu"]
[WhiteFideId "13300210"]
[BlackFideId "13403729"]
[EventDate "2022.10.03"]

1. d4 d5 2. c4 c6 3. Nf3 Nf6 4. Nc3 e6 5. e3 Nbd7 6. Bd3 dxc4 7. Bxc4 b5 8. Bd3
Bb7 9. O-O a6 10. e4 c5 11. d5 Qc7 12. Qe2 c4 13. Bc2 Bc5 14. dxe6 fxe6 15. e5
Ng4 16. Ng5 Ndxe5 17. Bf4 O-O-O 18. Be4 Bxe4 19. Ncxe4 Bd4 20. Nxe6 Qf7 21. N4g5
Qf5 22. h3 Nd3 23. Qf3 Nge5 24. Qa8+ Kd7 25. Qb7+ Kd6 26. Nxd4 Qxf4 27. Ne4+ 1-0

[Event "37th ECC Women 2022"]
[Site "Mayrhofen AUT"]
[Date "2022.10.08"]
[Round "6.2"]
[Board "2"]
[White "Fataliyeva, Ulviyya"]
[Black "Ushenina, Anna"]
[Result "1/2-1/2"]
[WhiteTitle "IM"]
[BlackTitle "GM"]
[WhiteElo "2422"]
[BlackElo "2445"]
[WhiteTeam "Odlar Yurdu"]
[BlackTeam "ASVOe Pamhagen"]
[WhiteFideId "13403052"]
[BlackFideId "14110911"]
[EventDate "2022.10.03"]

1. d4 Nf6 2. Nc3 d5 3. Bf4 c6 4. Nf3 Bf5 5. e3 h6 6. Ne5 Ne4 7. Bd3 e6 8. Bxe4
Bxe4 9. Nxe4 dxe4 10. Qh5 g6 11. Qg4 Rg8 12. h4 Nd7 13. O-O-O Nxe5 14. dxe5 Qa5
15. Kb1 Bg7 16. Rd6 Rd8 17. Qd1 Bf8 18. Rxd8+ Qxd8 19. Qd4 Qxd4 20. exd4 Be7 21.
Bxh6 Rh8 22. Be3 Rxh4 23. Rxh4 Bxh4 24. g4 f5 25. exf6 Bxf6 26. Kc1 Kd7 27. Kd2
a6 28. Kc3 e5 29. Kc4 Kd6 30. dxe5+ Bxe5 31. Bc5+ Ke6 32. c3 b5+ 33. Kb4 Bc7 34.
c4 a5+ 35. Kb3 Ke5 36. Be3 Bd8 37. cxb5 cxb5 38. a4 bxa4+ 39. Kxa4 Kd5 40. Kb5
Bf6 41. b3 Bc3 42. Bb6 Be1 43. Be3 Bc3 44. Bb6 Be1 45. Be3 1/2-1/2

[Event "37th ECC Women 2022"]
[Site "Mayrhofen AUT"]
[Date "2022.10.08"]
[Round "6.2"]
[Board "3"]
[White "Osmak, Yuliia"]
[Black "Mammadova, Gulnar"]
[Result "1-0"]
[WhiteTitle "IM"]
[BlackTitle "IM"]
[WhiteElo "2428"]
[BlackElo "2389"]
[WhiteTeam "ASVOe Pamhagen"]
[BlackTeam "Odlar Yurdu"]
[WhiteFideId "14101602"]
[BlackFideId "13403508"]
[EventDate "2022.10.03"]

1. d4 d5 2. c4 dxc4 3. Nf3 Nf6 4. e3 e6 5. Bxc4 c5 6. O-O a6 7. Be2 Nbd7 8. Nc3
b5 9. Ne5 Nxe5 10. dxe5 Qxd1 11. Rxd1 Nd7 12. f4 Bb7 13. a4 b4 14. Nb1 Be7 15.
Nd2 f6 16. Nc4 Bd5 17. e4 Bxe4 18. Nd6+ Bxd6 19. Rxd6 Bd5 20. Bxa6 fxe5 21. Bb5
O-O-O 22. Be3 e4 23. Rc1 Kc7 24. Rxd7+ Rxd7 25. Rxc5+ Kd6 26. Bxd7 Kxd7 27. Rb5
b3 28. a5 Ra8 29. Bd4 g6 30. Kf2 Kc6 31. Rb6+ Kd7 32. Bc3 Kc8 33. Ke3 Ra7 34. a6
Rc7 35. Be5 Rc1 36. Rb8+ Kd7 37. Rb7+ Kc8 38. Rxh7 Re1+ 39. Kf2 Ra1 40. a7 e3+
41. Kxe3 Bxg2 42. Rc7+ Kd8 43. Rg7 Bd5 44. Kd4 Kc8 45. Kc5 Be4 46. Kb6 Kd8 47.
h4 Ra4 48. Bc3 Rc4 49. Bf6+ Ke8 50. Re7+ Kf8 51. Rxe6 Bg2 52. Be5 Bd5 53. Rd6 1-0

[Event "37th ECC Women 2022"]
[Site "Mayrhofen AUT"]
[Date "2022.10.08"]
[Round "6.2"]
[Board "4"]
[White "Balajayeva, Khanim"]
[Black "Maltsevskaya, Aleksandra"]
[Result "1-0"]
[WhiteTitle "WGM"]
[BlackTitle "IM"]
[WhiteElo "2384"]
[BlackElo "2389"]
[WhiteTeam "Odlar Yurdu"]
[BlackTeam "ASVOe Pamhagen"]
[WhiteFideId "13406396"]
[BlackFideId "24174041"]
[EventDate "2022.10.03"]

1. e4 c5 2. c3 d5 3. exd5 Nf6 4. Qa4+ Nbd7 5. Qb3 Nb6 6. Bb5+ Bd7 7. c4 Qc7 8.
Nf3 O-O-O 9. Bxd7+ Qxd7 10. O-O e6 11. dxe6 Qxe6 12. Na3 Qf5 13. d4 cxd4 14. Nb5
Bc5 15. Nxa7+ Kb8 16. Nb5 d3 17. Bd2 Rhe8 18. Bb4 Re2 19. Nc3 Ng4 20. Nd1 Rd6
21. h3 Nxf2 22. Rxf2 Bxf2+ 23. Nxf2 Rg6 24. Kf1 Qf4 25. Bc5 Qg3 26. Ne1 Rxe1+
27. Kxe1 Qxg2 28. Bxb6 Re6+ 29. Kd2 Qg5+ 30. Kc3 d2 31. Nd3 Rd6 32. Kc2 Qg6 33.
Be3 Kc8 34. Bxd2 f5 35. Re1 1-0

[Event "37th ECC Women 2022"]
[Site "Mayrhofen AUT"]
[Date "2022.10.08"]
[Round "6.3"]
[Board "1"]
[White "Sukandar, Irine Kharisma"]
[Black "Kashlinskaya, Alina"]
[Result "1-0"]
[WhiteTitle "IM"]
[BlackTitle "IM"]
[WhiteElo "2401"]
[BlackElo "2482"]
[WhiteTeam "Wood Green"]
[BlackTeam "BGK KS Gwiazda Bydgoszcz"]
[WhiteFideId "7101937"]
[BlackFideId "4198026"]
[EventDate "2022.10.03"]

1. d4 Nf6 2. c4 e6 3. Nf3 d5 4. Nc3 Bb4 5. Qa4+ Nc6 6. e3 O-O 7. Qc2 b6 8. a3
Bxc3+ 9. Qxc3 Ba6 10. b4 dxc4 11. Bxc4 Ne4 12. Qc2 Bxc4 13. Qxc4 Qd5 14. Qxd5
exd5 15. Bd2 Nd6 16. Rc1 Nc4 17. b5 N6a5 18. Ke2 Nxd2 19. Nxd2 Rac8 20. Rc3 c5
21. bxc6 Rxc6 22. Rxc6 Nxc6 23. Kd3 Rc8 24. Nb1 f6 25. Nc3 Ne7 26. Rb1 Rc6 27.
Rb5 Rd6 28. Rb3 Rc6 29. a4 Kf7 30. a5 Ke6 31. Nb5 bxa5 32. Nxa7 Rc1 33. Ra3 Rg1
34. g3 Rg2 35. Ke2 Rxh2 36. Rxa5 Rh1 37. Ra6+ Kd7 38. Nb5 Rc1 39. Kd2 Rf1 40.
Ra7+ Kd8 41. Ke2 Rb1 42. Nd6 Rb6 43. Nb7+ Ke8 44. Nc5 g5 45. g4 h6 46. Kf3 f5
47. gxf5 Nxf5 48. Kg4 Ne7 49. Kh5 Rf6 50. Ra8+ Kf7 51. Nd7 Rd6 52. Ne5+ Kg7 53.
Ra7 Kf8 54. f3 Ng8 55. Ng6+ Ke8 56. Rg7 Nf6+ 57. Kxh6 g4 58. fxg4 Nxg4+ 59. Kg5
Nf6 60. Kf5 Ra6 61. Nf4 Kf8 62. Rg6 Kf7 63. Nh5 1-0

[Event "37th ECC Women 2022"]
[Site "Mayrhofen AUT"]
[Date "2022.10.08"]
[Round "6.3"]
[Board "2"]
[White "Kiolbasa, Oliwia"]
[Black "Houska, Jovanka"]
[Result "1-0"]
[WhiteTitle "WIM"]
[BlackTitle "IM"]
[WhiteElo "2404"]
[BlackElo "2354"]
[WhiteTeam "BGK KS Gwiazda Bydgoszcz"]
[BlackTeam "Wood Green"]
[WhiteFideId "1154613"]
[BlackFideId "405094"]
[EventDate "2022.10.03"]

1. e4 c6 2. d4 d5 3. e5 Bf5 4. Nf3 e6 5. Be2 Nd7 6. O-O h6 7. a4 g5 8. a5 a6 9.
Ne1 Ne7 10. b4 Qc7 11. Na3 Bg6 12. c3 Bg7 13. f4 f6 14. Bd3 O-O-O 15. Qc2 Bf5
16. Rb1 gxf4 17. exf6 Nxf6 18. Bxf4 Qd7 19. b5 cxb5 20. Nxb5 axb5 21. Qa2 Qc6
22. Bxb5 Bxb1 23. Qxb1 Qxc3 24. Nf3 Ne4 25. Rc1 Rhf8 26. Rxc3+ Nxc3 27. Qc1 Rxf4
28. Qxc3+ Kb8 29. a6 bxa6 30. Bxa6 Rd7 31. Qc5 Re4 32. Qb5+ Kc7 33. Qb7+ Kd6 34.
Qb6+ Nc6 35. Qc5+ Kc7 36. Bb5 Rd6 37. Bxc6 Rxc6 38. Qa7+ Kd6 39. Qxg7 Rc1+ 40.
Kf2 Rc2+ 41. Kg3 Ree2 42. Kh3 Kc6 43. Qxh6 Kb5 44. Qg7 Kc4 45. Qc7+ Kd3 46. Qf4
Kc4 47. g4 Re4 48. Nd2+ Kd3 49. Nxe4 dxe4 50. Qf1+ Kd2 51. Qf2+ Kd3 52. Qe1 Re2
53. Qb1+ Kd2 54. g5 e3 55. g6 Re1 56. Qxe1+ 1-0

[Event "37th ECC Women 2022"]
[Site "Mayrhofen AUT"]
[Date "2022.10.08"]
[Round "6.3"]
[Board "3"]
[White "Arakhamia-Grant, Ketevan"]
[Black "Cyfka, Karina"]
[Result "1/2-1/2"]
[WhiteTitle "GM"]
[BlackTitle "IM"]
[WhiteElo "2333"]
[BlackElo "2347"]
[WhiteTeam "Wood Green"]
[BlackTeam "BGK KS Gwiazda Bydgoszcz"]
[WhiteFideId "13600168"]
[BlackFideId "1122681"]
[EventDate "2022.10.03"]

1. e4 e5 2. Nf3 Nc6 3. Bb5 a6 4. Ba4 d6 5. O-O Bd7 6. c3 g6 7. d4 Bg7 8. Re1 Nf6
9. Bg5 b5 10. Bb3 O-O 11. h3 h6 12. Bh4 Qe8 13. Nbd2 Nh5 14. Nf1 Na5 15. Bc2 Nc4
16. b3 Nb6 17. Ne3 Nf4 18. Bg3 Nh5 19. Bh2 exd4 20. cxd4 Bc6 21. Ng4 Qd8 22. Qd2
Kh7 23. Rac1 Bb7 24. d5 Nd7 25. Bb1 Rc8 26. Nd4 Nhf6 27. Nc6 Bxc6 28. Nxf6+ Bxf6
29. Rxc6 Nb8 30. Rc2 Nd7 31. Rc6 Nb8 32. Rc2 Nd7 33. Rec1 Re8 34. Bxd6 Rxe4 35.
Rxc7 Rd4 36. Qe2 Rxc7 37. Bxc7 Qe7 38. Qxe7 Bxe7 39. Ba5 b4 40. g3 Rxd5 41. Bc7
Bc5 42. Bf4 Nf6 43. Kf1 Kg7 44. Ke2 g5 45. Bc7 Bd4 46. Rc6 Bc3 47. Bd3 Rd7 48.
Bd6 a5 49. Ra6 Rd8 50. Bc7 Re8+ 51. Kf3 Re7 52. Bd6 Re1 53. Bf5 Rd1 54. Bc7 Bd4
55. Rxa5 Rd2 56. g4 Rxf2+ 57. Kg3 h5 58. gxh5 Nxh5+ 59. Kg4 Kh6 60. h4 gxh4 61.
Kxh4 Rf3 62. Kg4 Rf1 63. Bd6 Rg1+ 64. Kf3 Rf1+ 65. Ke4 Bg7 66. Bh3 Re1+ 67. Kf3
Rd1 68. Ra6 Rd3+ 69. Kg2 Rd2+ 70. Kf1 Kg5 71. Bxb4 Ng3+ 72. Ke1 Rh2 73. Bc8 Ne4
74. Bb7 Nc3 75. Be7+ Kf5 76. Bc8+ Ke4 77. Bb7+ Kd3 78. Rd6+ Kc2 79. Bg5 Nxa2 80.
Bd5 Nc3 81. Bxf7 Rh1+ 82. Kf2 Ne4+ 83. Kg2 Nxd6 84. Bg6+ Kxb3 85. Kxh1 1/2-1/2

[Event "37th ECC Women 2022"]
[Site "Mayrhofen AUT"]
[Date "2022.10.08"]
[Round "6.3"]
[Board "4"]
[White "Majdan, Joanna"]
[Black "Toma, Katarzyna"]
[Result "1/2-1/2"]
[WhiteTitle "WGM"]
[BlackTitle "WGM"]
[WhiteElo "2301"]
[BlackElo "2249"]
[WhiteTeam "BGK KS Gwiazda Bydgoszcz"]
[BlackTeam "Wood Green"]
[WhiteFideId "1121979"]
[BlackFideId "1119907"]
[EventDate "2022.10.03"]

1. e4 c5 2. Nf3 Nc6 3. Bb5 g6 4. Bxc6 bxc6 5. d4 Ba6 6. dxc5 Qa5+ 7. Nbd2 Bg7 8.
a3 Qxc5 9. b4 Qh5 10. Rb1 d5 11. Bb2 Bxb2 12. Rxb2 dxe4 13. Nxe4 Rd8 14. Qc1 Qd5
15. Nc5 Bc4 16. c3 Rd6 17. Qd2 Qf5 18. Nd4 Qh5 19. f4 Nf6 20. Nb7 O-O 21. Nxd6
exd6 22. Nf3 Re8+ 23. Kd1 Qb5 24. Re1 Ne4 25. Qd4 c5 26. Qxe4 Rxe4 27. Rxe4 Bd5
28. Re3 Qa4+ 29. Ke1 Qxa3 30. Rd2 Qc1+ 31. Ke2 Bxf3+ 32. Rxf3 cxb4 33. cxb4 Qc4+
34. Kf2 Qxb4 35. Ra2 Qc4 36. Ra5 d5 37. Kg3 Qe4 38. Rxa7 Qe1+ 39. Kh3 h5 40.
Ra8+ Kg7 41. Rd8 Qe6+ 42. f5 gxf5 43. Rf4 Kf6 44. g3 Kg7 45. Kg2 Qe2+ 46. Kh3
Qe6 47. Kg2 Qe2+ 1/2-1/2

[Event "37th ECC Women 2022"]
[Site "Mayrhofen AUT"]
[Date "2022.10.08"]
[Round "6.4"]
[Board "1"]
[White "Buksa, Nataliya"]
[Black "Muzychuk, Mariya"]
[Result "1/2-1/2"]
[WhiteTitle "IM"]
[BlackTitle "GM"]
[WhiteElo "2413"]
[BlackElo "2527"]
[WhiteTeam "Blue & Yellow"]
[BlackTeam "TAJFUN - SK Ljubljana"]
[WhiteFideId "14123622"]
[BlackFideId "14114550"]
[EventDate "2022.10.03"]

1. e4 c6 2. d4 d5 3. Nc3 dxe4 4. Nxe4 Nf6 5. Nxf6+ exf6 6. c3 Bd6 7. Bd3 O-O 8.
Ne2 Re8 9. O-O Nd7 10. Bf4 Nf8 11. Qd2 Ne6 12. Bxd6 Qxd6 13. b4 Bd7 14. Rfe1 a5
15. a3 g6 16. h4 h5 17. Qh6 Qf8 18. Qxf8+ Kxf8 19. Reb1 axb4 20. axb4 Ke7 21. f3
Kd6 22. Kf2 Ng7 23. Ng3 f5 24. Ne2 Ne6 25. g3 b6 26. Bc4 Reb8 27. Rd1 Ke7 28. d5
cxd5 29. Bxd5 Rxa1 30. Rxa1 Nc7 31. Bb3 Be6 32. Nd4 Kd6 33. c4 Rc8 34. Ra7 b5
35. c5+ Ke5 36. Bxe6 fxe6 37. Nc6+ Kf6 38. f4 Nd5 39. Ne5 Rc7 40. Rxc7 Nxc7 41.
Nc6 Nd5 42. Ke2 e5 43. fxe5+ Ke6 44. Kf3 Kd7 45. Nd4 Nxb4 46. e6+ Ke7 47. Nxb5
Nd3 48. c6 Ne5+ 49. Kf4 Nxc6 50. Kg5 Kxe6 51. Kxg6 Ke5 52. Kxh5 f4 53. gxf4+
Kxf4 54. Nd6 Ne7 55. Kh6 Kg4 56. h5 Ng8+ 57. Kg6 Ne7+ 1/2-1/2

[Event "37th ECC Women 2022"]
[Site "Mayrhofen AUT"]
[Date "2022.10.08"]
[Round "6.4"]
[Board "2"]
[White "Unuk, Laura"]
[Black "Gaponenko, Inna"]
[Result "1/2-1/2"]
[WhiteTitle "IM"]
[BlackTitle "IM"]
[WhiteElo "2297"]
[BlackElo "2348"]
[WhiteTeam "TAJFUN - SK Ljubljana"]
[BlackTeam "Blue & Yellow"]
[WhiteFideId "14609215"]
[BlackFideId "14101181"]
[EventDate "2022.10.03"]

1. d4 d5 2. c4 dxc4 3. e4 Nf6 4. e5 Nd5 5. Bxc4 Nb6 6. Bd3 Nc6 7. Ne2 Bg4 8. f3
Be6 9. Nbc3 Qd7 10. Ne4 Bd5 11. Nc5 Qc8 12. Bg5 e6 13. Qc1 Bxc5 14. Qxc5 Qd7 15.
O-O h6 16. Bh4 g5 17. Bf2 Qe7 18. Rfc1 Qxc5 19. Rxc5 Nb4 20. Be4 c6 21. Be1 Bxe4
22. fxe4 Nd3 23. Rc3 Nxe1 24. Rxe1 O-O 25. h4 gxh4 26. Rf1 Nd7 27. Rf4 c5 28.
dxc5 Nxe5 29. Rxh4 Rad8 30. Rg3+ Kh7 31. Nf4 Rd1+ 32. Kh2 Rd2 33. Rgh3 Kg7 34.
Nh5+ Kh7 35. Nf6+ Kg7 36. Nh5+ Kh8 37. Nf6 Kg7 38. Rxh6 Rf2 39. Kg3 Rxf6 40.
Rh7+ Kg8 41. Rh8+ Kg7 42. R3h7+ Kg6 43. Rh6+ Kg7 44. R6h7+ Kg6 45. Rh6+ 1/2-1/2

[Event "37th ECC Women 2022"]
[Site "Mayrhofen AUT"]
[Date "2022.10.08"]
[Round "6.4"]
[Board "3"]
[White "Doluhanova, Evgeniya"]
[Black "Urh, Zala"]
[Result "1-0"]
[WhiteTitle "WGM"]
[BlackTitle "WIM"]
[WhiteElo "2264"]
[BlackElo "2221"]
[WhiteTeam "Blue & Yellow"]
[BlackTeam "TAJFUN - SK Ljubljana"]
[WhiteFideId "14112035"]
[BlackFideId "14611481"]
[EventDate "2022.10.03"]

1. c4 Nf6 2. Nc3 e5 3. a3 d5 4. cxd5 Nxd5 5. Qb3 Nb6 6. Nf3 Nc6 7. e3 Be6 8. Qc2
a6 9. b4 Qd7 10. Ne4 f6 11. Nc5 Bxc5 12. bxc5 Nd5 13. Rb1 b5 14. cxb6 Nxb6 15.
Bb2 Ne7 16. Be2 O-O 17. O-O Rfc8 18. Rfc1 Ba2 19. Ra1 Bd5 20. a4 Qe6 21. a5 Nd7
22. Ra3 Qf7 23. e4 Be6 24. d4 Qf8 25. dxe5 Nxe5 26. Bxe5 fxe5 27. Ng5 Ng6 28.
Rf3 Qb4 29. Nxe6 Qxa5 30. Bc4 Kh8 31. Rg3 1-0